Housing and urban development initiatives as a means towards the alleviation of poverty (Record no. 103359)
[ view plain ]
| 000 -LEADER | |
|---|---|
| fixed length control field | 01425cam a2200169 4500 |
| 008 - FIXED-LENGTH DATA ELEMENTS--GENERAL INFORMATION | |
| fixed length control field | 040216n2004 000 0 eng u |
| 020 ## - INTERNATIONAL STANDARD BOOK NUMBER | |
| International Standard Book Number | 1842191780 |
| 035 ## - SYSTEM CONTROL NUMBER | |
| System control number | (Sirsi) u125153 |
| 041 ## - LANGUAGE CODE | |
| Language code of text/sound track or separate title | eng |
| 245 ## - TITLE STATEMENT | |
| Title | Housing and urban development initiatives as a means towards the alleviation of poverty |
| Medium | [electronic resource] |
| 260 ## - PUBLICATION, DISTRIBUTION, ETC. | |
| Name of publisher, distributor, etc. | RICS Foundation |
| Date of publication, distribution, etc. | 2004 |
| 490 ## - SERIES STATEMENT | |
| Series statement | RICS Foundation Our Common Estate Series |
| 520 ## - SUMMARY, ETC. | |
| Summary, etc. | Over the years, housing and urban development in the developing world have been discussed at various fora and in the print media. The story, however, remains the same. Millions of people in the developing world are living in health- and life-threatening conditions in housing developments in various urban centres. Ghana is no exception to this. This paper discusses housing and urban development initiatives as means towards the alleviation of poverty. It traces housing and urban development strategies in Ghanaian urban centres and concludes that to alleviate poverty in Ghanaian urban settlements, it is necessary to take a critical look at issues such as building regulations and codes of practice, problems of urban land acquisition, housing financing, and last but not the least, provision of services in the urban settlements. |
| 651 #4 - SUBJECT ADDED ENTRY--GEOGRAPHIC NAME | |
| Geographic name | Ghana |
| 856 40 - ELECTRONIC LOCATION AND ACCESS | |
| Uniform Resource Identifier | <a href="https://www.rics.org/Global/Downloads/HousingUrbanDevelopment200405.pdf">https://www.rics.org/Global/Downloads/HousingUrbanDevelopment200405.pdf</a> |
| Public note | View the research at www.rics.org |
| 942 ## - ADDED ENTRY ELEMENTS (KOHA) | |
| Suppress in OPAC | 0 |
| Withdrawn status | Lost status | Source of classification or shelving scheme | Damaged status | Not for loan | Home library | Current library | Shelving location | Date acquired | Total Checkouts | Full call number | Barcode | Date last seen | Copy number | Price effective from | Koha item type |
|---|---|---|---|---|---|---|---|---|---|---|---|---|---|---|---|
| Dewey Decimal Classification | Virtual | Virtual | Online | 27/07/2004 | ONLINE PUBLICATION | 125153-2001 | 06/08/2019 | 1 | 06/08/2019 | Book |